000 00903nam a2200277Ia 4500
005 20220317001245.0
008 160825s1994 sp a g 000 0 spa
020 _a9580700931
100 1 _aQuintero, María Elena
245 1 0 _aPolla Pochola en el supermercado
_cMaría Elena Quintero ; ilustraciones Maribel Suárez
250 _a1a. edición
300 _a16 páginas
_bilustraciones
_c22 cm
490 _aBolita de plumas
650 1 4 _2LEMB
_aPoesía en la literatura
650 1 4 _2LEMB
_aLiteratura
650 1 4 _2LEMB
_aAnimales en la literatura
650 1 4 _2LEMB
_aMarinos en la literatura
700 1 _aSuarez, Maribel
_968320
942 _2loc
_cBKLIT
264 _aMedellín
_bSusaeta
_c1994
336 _atexto
_btxt
_2rdacontent
337 _asin mediación
_bn
_2rdamedia
338 _avolumen
_bnc
_2rdacarrier
040 _aCO-BoRNBP
_bspa
_erda
_cCO-BoRNBP
084 _aP QUI4
999 _c6405
_d6405